| 000 | 00333nam a2200133Ia 4500 | ||
|---|---|---|---|
| 005 | 20251222143256.0 | ||
| 008 | 251222s9999||||xx |||||||||||||| ||spa|| | ||
| 020 | _a84-493-0766-X | ||
| 082 | _a275/L39 | ||
| 100 | _aLe Goff, Jacques | ||
| 245 | 0 | _aLa Civilización del Occidente Medieval | |
| 264 | _bPaidós Ibérica | ||
| 942 | _cLIB | ||
| 999 |
_c15162 _d15162 |
||